000 00708nam a22002417a 4500
005 20150318151515.0
008 120821t xxu||||| |||| 00| 0 eng d
010 _aENG-105581
020 _a9788121940924
_c160.00
020 _a8121940923
_c160.00
035 _aEN-89114
037 _bDBAD/PUB
040 _aDPL
_bEng
082 _a641.1
100 _aGoyal, Shashi
_951282
245 _aFood nutrition and health /
_cby Shashi Goyal [and] Pooja Gupta
260 _aNew Delhi
_bS.Chand
_c2012
270 _a7361, Ram Nagar
_bNew Delhi
_e110055
300 _a241p. :
_c23cm(pbk)
_bill.
500 _aIncludes index
700 _aGupta, Pooja
_951283
942 _2ddc
_cEN
_mGOY
_h641.1
999 _c69136
_d69136